000 00417cam a2200181 4500
001 D14338
008 090401t1950 xxu||||| |||| 00| 0 eng d
035 _a(Sirsi) u94703
041 _aeng
100 _aWaldcock, C Humphrey Meredith
245 4 _aThe law of mortgages
250 _a2nd
260 _aLondon
_bStevens and Sons
_c1950
350 _a0
520 _aShelf 110
942 _n0
948 _c04/03/1997
999 _c98133
_d98133